Hậu Thủy hử

Viết tiếp câu chuyện 108 vị anh hùng Lương Sơn Bạc, với kết thúc bi thảm như một bản cáo trạng lên án tập đoàn phong kiến thống trị thời Tống Huy Tông.

Đã lưu trong:
Sonraí Bibleagrafaíochta
Príomhúdar: Thi, Nại Am
Údair Eile: La, Quán Trung
Formáid: Leabhar
Teanga:Undetermined
Foilsithe: H. Văn học 2010
Ábhair:
Rochtain Ar Líne:http://lrc.tdmu.edu.vn/opac/search/detail.asp?aID=2&ID=14977
Clibeanna: Cuir Clib Leis
Gan Chlibeanna, Bí ar an gcéad duine leis an taifead seo a chlibeáil!
Thư viện lưu trữ: Trung tâm Học liệu Trường Đại học Thủ Dầu Một
LEADER 00983nam a2200217Ia 4500
001 TDMU_14977
008 210410s9999 xx 000 0 und d
082 |a 895.13 
090 |b TH300 
100 |a Thi, Nại Am 
245 0 |a Hậu Thủy hử 
245 0 |c Thi Nại Am, La Quán Trung; Ngô Đức Thọ, Nguyễn Thúy Nga dịch 
260 |a H. 
260 |b Văn học 
260 |c 2010 
300 |a 678tr. 
520 |a Viết tiếp câu chuyện 108 vị anh hùng Lương Sơn Bạc, với kết thúc bi thảm như một bản cáo trạng lên án tập đoàn phong kiến thống trị thời Tống Huy Tông.  
650 |a Tiểu thuyết lịch sử Trung Quốc; Văn học Trung Quốc  |x Tiểu thuyết lịch sử 
700 |a La, Quán Trung 
856 |u http://lrc.tdmu.edu.vn/opac/search/detail.asp?aID=2&ID=14977 
980 |a Trung tâm Học liệu Trường Đại học Thủ Dầu Một